Fr. Conceicao Rodrigues College of Engineering

Biomedical instrumentation and measurements (Record no. 20533)

MARC details
000 -LEADER
fixed length control field 00415nam a2200181Ia 4500
082 ## - DEWEY DECIMAL CLASSIFICATION NUMBER
Classification number 610.28
Item number CRO
100 ## - MAIN ENTRY--PERSONAL NAME
Personal name Cromwell/leslie
250 ## - EDITION STATEMENT
Edition statement 2
245 ## - TITLE STATEMENT
Title Biomedical instrumentation and measurements
260 ## - PUBLICATION, DISTRIBUTION, ETC.
Name of publisher, distributor, etc. Prentice -Hall of India
Date of publication, distribution, etc. 1980
366 ## - TRADE AVAILABILITY INFORMATION
Publishers's discount category 25
300 ## - PHYSICAL DESCRIPTION
Extent 510
546 ## - LANGUAGE NOTE
Language note ENGLISH
-- TTL
650 ## - SUBJECT ADDED ENTRY--TOPICAL TERM
Topical term or geographic name entry element Biomedical instrumentation
654 ## - SUBJECT ADDED ENTRY--FACETED TOPICAL TERMS
Focus term biomedical
942 ## - ADDED ENTRY ELEMENTS (KOHA)
Koha item type BOOK
Holdings
Withdrawn status Lost status Damaged status Not for loan Collection Home library Current library Date acquired Source of acquisition Cost, normal purchase price Inventory number Total Checkouts Full call number Barcode Date last seen Cost, replacement price Price effective from Koha item type
        CRC Fr. Agnel's C.Rodrigues College of Engineering Fr. Agnel's C.Rodrigues College of Engineering 17/03/2023 Dharma Enterprises 236.25 1298 dt 07/06/2010   610.28 CRO 20675 17/03/2023 315.00   BOOK
        CRC Fr. Agnel's C.Rodrigues College of Engineering Fr. Agnel's C.Rodrigues College of Engineering 17/03/2023 Dharma Enterprises 236.25 1298 dt 07/06/2010   610.28 CRO 20676 17/03/2023 315.00   BOOK